| 000 | 00490 a2200193 4500 | ||
|---|---|---|---|
| 005 | 20240522111653.0 | ||
| 008 | 240522b |||||||| |||| 00| 0 eng d | ||
| 020 |
_a9789388960397 _cRs. 1295.00 |
||
| 040 | _aMAIN | ||
| 082 |
_a005.8 _bM687C |
||
| 100 | _aMishra, Atul | ||
| 245 | _aCyber security | ||
| 260 |
_bAvon Publications _c2024 _aNew Delhi |
||
| 300 | _aviii, 179 | ||
| 650 | _aCyber Security | ||
| 650 | _aNetwork Security | ||
| 700 | _aKushwaha, Jimmy Singh | ||
| 942 | _cBK | ||
| 999 |
_c313101 _d313101 |
||